00314nam a22000977a 450000500170000000800410001702000150005804000080007324500930008126000420017420200817110341.0200817b ||||| |||| 00| 0 eng d a0198284055 cCML aThe Industrialization of Egypt 1939-1973: Policy and Performance.cMabro, R., Radwan, S. aOxfordbOxford University Pressc1976